Occurrence of Skuk issues on high grade markets

Sukuk - tradičný dlhový nástroj kapitálových trhov podľa islamského práva sharia. Princípy islamského financovania. Rozdiel medzi dlhopisom a sukukom. Druhy sukuku a globálne problémy so sukukmi.

Salvato in:
Dettagli Bibliografici
Autore principale: Verner, Robert, 1986-
Natura: Capitolo di libro
Lingua:inglese
Soggetti:
Tags: Aggiungi Tag
Nessun Tag, puoi essere il primo ad aggiungerne!!

MARC

LEADER 00000naa a2200000 4500
001 0213270
005 20240502073542.5
041 0 |a eng 
044 |a SK 
245 1 0 |a Occurrence of Skuk issues on high grade markets  |c Róbert Verner 
520 |a Sukuk - tradičný dlhový nástroj kapitálových trhov podľa islamského práva sharia. Princípy islamského financovania. Rozdiel medzi dlhopisom a sukukom. Druhy sukuku a globálne problémy so sukukmi. 
610 2 0 |a islam 
610 2 0 |a trh kapitálový 
610 2 0 |a dlhopisy 
610 2 0 |a financovanie 
100 1 |a Verner, Robert, 1986-